000 00365nmm a2200133Ia 4500
008 251105s9999||||xx |||||||||||||||||und||
041 _acat
100 _aBeltrán, Noèlia
245 0 _aUn tros de paper
264 _a[Madrid, España] :
_bEdiciones B,
_c2016
300 _a256 páginas
856 _uhttps://public.digitaliapublishing.com/a/53693
942 _cCF
999 _c106193
_d106193